Sports Quiz

Random Sports or Basketball Quiz

Southland Quiz Stats

 Plays Quiz Updated Feb 14, 2020

Support Sporcle.
Go Orange.
Score 0/26 Timer 05:00
2 Plays Today
% Correct
Lamar
55.3%
Sam Houston State
54%
Stephen F. Austin State
53.1%
Bears
49%
Wildcats
46.5%
McNeese State
46.3%
Central Arkansas
45.8%
Northwestern State
45.8%
Lions
45.2%
New Orleans
43.7%
Texas A&M Corpus Christi
43.1%
Nicholls State
42.3%
Cardinals
41.9%
% Correct
Cowboys
40.3%
Cardinals
40.1%
Abilene Christian
40%
Houston Baptist
39.4%
Southeastern Louisiana
39.4%
Lumberjacks
38.9%
Bearkats
38.3%
Incarnate Word
36.6%
Demons
35.5%
Huskies
34.2%
Islanders
34.1%
Colonels
32.3%
Privateers
31.5%

From the Vault

Europe Population Circles

by mg10

See you in the circle.
Remove Ads.
Support Sporcle.
Get the best of Sporcle when you Go Orange. This ad-free experience offers more features, more stats, and more fun while also helping to support Sporcle. Thank you for becoming a member.

Show Comments

Extras

Top Quizzes Today


Score Distribution

Your Account Isn't Verified!

In order to create a playlist on Sporcle, you need to verify the email address you used during registration. Go to your Sporcle Settings to finish the process.

Report this User

Report this user for behavior that violates our Community Guidelines.

Details: